| Tag |
First Indicator |
Second Indicator |
Subfields |
| LEADER |
00000cam a22000007i 4500 |
| 001 |
in00005777797 |
| 005 |
20260406152520.7 |
| 008 |
250221t20262026nmuabc b 001 0 eng d |
| 040 |
|
|
|a IG#
|b eng
|e rda
|c IG#
|d ZP2
|d OCLCO
|
| 020 |
|
|
|a 9780890136829
|
| 020 |
|
|
|a 0890136823
|
| 035 |
|
|
|a (OCoLC)1501395470
|
| 043 |
|
|
|a np-----
|
| 050 |
|
4 |
|a E99.T34
|b B65 2026
|
| 100 |
1 |
|
|a Bol, Marsha,
|e author.
|1 https://id.oclc.org/worldcat/entity/E39PCjtBF83wgVyDRyVq97T4dP
|
| 245 |
1 |
0 |
|a Lakota women's arts :
|b quillwork and beadwork /
|c Marsha C. Bol with Thomas Haukaas.
|
| 263 |
|
|
|a 202506
|
| 264 |
|
1 |
|a Santa Fe, New Mexico :
|b Museum of New Mexico Press,
|c [2026]
|
| 264 |
|
4 |
|c ©2026
|
| 300 |
|
|
|a vii, 339 pages :
|b illustrations (some color), color map, portraits (some color) ;
|c 32 cm.
|
| 336 |
|
|
|a text
|b txt
|2 rdacontent
|
| 337 |
|
|
|a unmediated
|b n
|2 rdamedia
|
| 338 |
|
|
|a volume
|b nc
|2 rdacarrier
|
| 520 |
8 |
|
|a "Much has been written about Lakota Sioux Indian men and their arts, especially those made in support of their hunting and warrior culture. Historically, however, very little scholarship has addressed Lakota women and their art forms. This lack of attention is still true today, even though the Lakota Sioux are the best-known of the Plains Indian tribal nations and their traditional regalia is widely recognized. These are the people of Chiefs Crazy Horse, Red Cloud, and Sitting Bull and of the infamous Battles of the Little Big Horn and Wounded Knee. In Lakota Women's Arts, Marsha C. Bol gives recognition to the significant contributions made by Lakota women--particularly through their quillwork and beadwork embroidery--in supporting and maintaining the foundational values of traditional Lakota society. The author explores the underlying motivations that have impelled Lakota women to practice these arts over many centuries, with particular focus on the decades since 1820. To explicate the values expressed in these artforms, Bol gives primacy to first-person voices from members of the Lakota Nation, past and present. In addition to presenting an astonishing array of historic and contemporary Lakota art made by both women and men, this lavishly illustrated volume will provide today's Lakota artists unprecedented access to historical examples of quill- and beadwork that are tucked away in museums and private collections. As Rosalie Little Thunder notes, "Lakota people must have the chance to see these [historic Lakota] things as a way of knowing where they've been so that they would know where to go.""--Publisher's description.
|
| 504 |
|
|
|a Includes bibliographical references (pages 313-326) and index.
|
| 505 |
0 |
|
|a Preface / Thomas "Red Owl" Haukaas -- Introduction -- Lakota women: myth and gender in Lakota women's art -- Becoming knowledgeable: the four stages of a Lakota woman's life pathway -- Design knowledge: shared aesthetics -- Men's interpretation of geometric art -- Art as an expression of relationships and values -- Quillwork -- Beadwork -- Paha stitch -- Lakhota bead color preferences -- Some types of Lakhota bags -- Lakhota designs -- Arts for new audiences: Wild West shows, fairs, and expositions -- Artistic resilience in the modern world -- Acknowledgments -- Museums, institutions, and archives -- Notes -- Bibliography -- Index -- Authors -- [Colophon]
|
| 505 |
8 |
0 |
|g Select names of artists featured in book:
|t Rhonda Holy Bear --
|t Nellie Two Bears Gates --
|t Valencia Teachout --
|t Eleanor Black Bear Star Boy --
|t Katie Black Crow Neck --
|t Rosalie Little Thunder --
|t Deborah Little Thunder --
|t Barbara Kills in Water --
|t Jonathan Good Bear --
|t Caroline and Emilie Bald Eagle Ravenshead --
|t Thomas "Red Owl" Haukaas --
|t Emil Her Many Horses --
|t Florentine Blue Thunder --
|t Charles Chief Eagle --
|t Jared Lanz --
|t Virginia Poorman --
|t Nellie Star Boy Menard --
|t Colleen Cutschall --
|t Dyani White Hawk --
|t Charlene Holy Bear.
|
| 588 |
|
|
|a Description based on publisher data; resource not viewed.
|5 TnLvILS
|
| 650 |
|
0 |
|a Lakota women.
|
| 650 |
|
0 |
|a Lakota art.
|
| 650 |
|
0 |
|a Quillwork
|z Great Plains.
|
| 650 |
|
0 |
|a Lakota beadwork.
|
| 650 |
|
0 |
|a Lakota Indians
|x Material culture.
|
| 650 |
|
4 |
|a Lakota arts.
|
| 650 |
|
6 |
|a Art lakota.
|0 (CaQQLa)000267218
|
| 650 |
|
6 |
|a Travail aux piquants
|0 (CaQQLa)201-0132606
|z Grandes Plaines.
|0 (CaQQLa)201-0407760
|
| 650 |
|
6 |
|a Broderie de perles lakota.
|0 (CaQQLa)000326865
|
| 700 |
1 |
|
|a Haukaas, Thomas,
|d 1950-
|e author.
|1 https://id.oclc.org/worldcat/entity/E39PCjwJ4tpY4bxBpPWj6Qbq8K
|
| 852 |
8 |
|
|b POD
|z This title is available for the library to purchase for your use. Click the "Purchase It For Me" button to place a request. This item will take 5-10 business days to arrive.
|
| 955 |
|
|
|a Print PDA title
|
| 961 |
|
|
|m 565730
|
| 999 |
f |
f |
|i 2ac19045-d191-4022-841e-8ad91b01ad62
|s 2a2b8916-a6d7-4f92-9a16-1e48313efa6d
|t 0
|
| 952 |
f |
f |
|a Texas A&M University
|b College Station
|c Sterling C. Evans Library
|s Evans POD
|d Purchase on Demand
|t 0
|e E99.T34 B65 2026
|h Library of Congress classification
|
| 998 |
f |
f |
|a E99.T34 B65 2026
|t 0
|l Purchase on Demand
|